| 000 | 00000nam##2200000za#4500 |
| 001 | 9.638258 |
| 003 | CaOODSP |
| 005 | 20240209132622 |
| 007 | cr ||||||||||| |
| 008 | 150407|2000||||xxc|||||o f|0| 0 fre|d |
| 040 | |aCaOODSP|bfre |
| 043 | |an-cn--- |
| 086 | 1 |aAC5-8/2000F-PDF |
| 110 | 2 |aAgence de promotion économique du Canada atlantique. |
| 245 | 13|aLa clé de notre avenir - stratégie de renouvellement de la recherche postsecondaire au Canada atlantique : |h[ressource électronique]|bdocument de travail |
| 260 | |aMoncton - Nouveau-Brunswick : |bAgence de promotion économique du Canada atlantique |cAoût 2000. |
| 500 | |a«L'Agence de promotion économique du Canada atlantique (APECA) et la Commission de l'enseignement supérieur des Provinces maritimes (CESPM) ont financé et soutenu ce projet.»--Page 3 sur 27. |
| 504 | |aBibliographie. |
| 590 | |a10-15-Supp|b2010-12-10 |
| 691 | 07|aEnseignement postsecondaire|2gcpds |
| 775 | 08|tSecuring our future - a renewal strategy for post-secondary research in Atlantic Canada : |w(CaOODSP)9.694056 |
| 856 | 40|ahttp://publications.gc.ca|qPDF|s2 Mo|uhttps://publications.gc.ca/collections/collection_2010/apeca-acoa/AC5-8-2000-fra.pdf |